[Event "Ch Antalya (open)"]
[Site "Antalya (Turkey)"]
[Date "2008.02.04"]
[Round "2"]
[White "Ataman Alper (TUR)"]
[Black "Unver Cumali (TUR)"]
[Result "1/2-1/2"]
[WhiteElo "2200"]
[BlackElo "1906"]

1.d4 d6 2.Nf3 Nf6 3.c4 Bg4 4.g3 Bxf3 5.exf3 c6 6.Bg2 e6 7.O-O Be7 8.Nc3 d5
9.b3 O-O 10.Be3 a6 11.c5 Nbd7 12.f4 g6 13.Na4 Nh5 14.Nb2 Ng7 15.g4 h5 16.h3
hxg4 17.hxg4 f5 18.Nd3 Kf7 19.g5 Rh8 20.Qf3 Qc7 21.Rfd1 Qb8 22.Kf1 Bd8 23.Ke2
Bc7 24.Rh1 Qa7 25.Rh3 Rh5 26.Rxh5 Nxh5 27.Rc1 Rh8 28.Rh1 Qb8 29.Rh4 Ng7
30.Rxh8 Qxh8 31.Qh3 Qxh3 32.Bxh3 Ke7 33.Bf1 Nh5 34.Bd2 Ng7 35.b4 Ne8 36.a4 Kd8
37.Ke3 Nb8 38.b5 axb5 39.axb5 Nd7 40.Nb4 cxb5 41.Bxb5 Nb8 42.Nd3 Nc6 43.Bc3
Ng7 44.Ne1 Nh5 45.Ng2 Ke7 46.Be2 Ng7 47.Kd3 Ne8 48.Kc2 Ng7 49.Kd3 {#d} 1/2-1/2

[Event "Ch Europe (seniors) (team)"]
[Site "Dresden (Germany)"]
[Date "2008.02.15"]
[Round "5"]
[White "Norman Kenneth I (ENG)"]
[Black "Schroeter Harald (GER)"]
[Result "1/2-1/2"]
[WhiteElo "2192"]
[BlackElo "2075"]

1.Nf3 Nf6 2.c4 d6 3.d4 Bg4 4.Nc3 Nbd7 5.e4 e5 6.Be2 Be7 7.Be3 O-O 8.d5 c6
9.Nd2 Bxe2 10.Qxe2 Qc7 11.O-O a5 12.Rfc1 Nc5 13.Rab1 Nfd7 14.b3 Qd8 15.a3 Bg5
16.b4 Bxe3 17.Qxe3 axb4 18.axb4 Na4 19.Nb3 Nxc3 20.Rxc3 f5 {#d} 1/2-1/2

[Event "Czech League 2007/08 (krajsky prebor)"]
[Site "Czech Republic"]
[Date "2008.02.24"]
[Round "8"]
[White "Dobes Ludek (CZE)"]
[Black "Bolek Jiri"]
[Result "1-0"]
[WhiteElo "2048"]
[BlackElo "1801"]

1.d4 Nf6 2.Nf3 d6 3.c4 Bg4 4.Nc3 Nbd7 5.Nd2 Nb6 6.f3 Bd7 7.e4 e5 8.d5 h5 9.Nb3
c6 10.Be3 g6 11.Qd2 c5 12.O-O-O a6 13.h3 Na4 14.Bd3 Nxc3 15.Qxc3 b5 16.Nd2 b4
17.Qc2 Bh6 18.Bxh6 Rxh6 19.g4 Nh7 20.Be2 h4 21.f4 exf4 22.e5 dxe5 23.Ne4 Ng5
24.Nxc5 Qb6 25.Nxd7 Kxd7 26.c5 Qa5 27.Kb1 f3 28.Bd3 Re8 29.d6 Rc8 30.Bf5+ Ne6
31.Bxe6+ fxe6 32.Rc1 Qb5 33.g5 Rhh8 34.Qxg6 Rhf8 35.c6+ Kxd6 36.Rhd1+ Kc7
37.Qxe6 f2 38.Rf1 Qd3+ 39.Ka1 Rce8 40.Qh6 Qd2 41.Qg7+ Kd8 42.Rcd1 {#r} 1-0

[Event "Bundesliga 2007/08"]
[Site "Germany"]
[Date "2008.03.09"]
[Round "11"]
[White "Levin Felix (GER)"]
[Black "Armbruster Alexander (GER)"]
[Result "1-0"]
[WhiteElo "2536"]
[BlackElo "2337"]

1.d4 d6 2.Nf3 Bg4 3.c4 Nf6 4.Qb3 Qc8 5.h3 Bxf3 6.exf3 e5 7.d5 Be7 8.Nc3 Nbd7
9.Be3 Nf8 10.g3 N6d7 11.h4 f5 12.Qc2 Nf6 13.h5 Rg8 14.Bd3 g6 15.hxg6 hxg6
16.O-O-O a6 17.Bh6 N8d7 18.Be2 c5 19.g4 fxg4 20.fxg4 Qc7 21.g5 Nh7 22.Ne4 Qa5
23.Kb1 O-O-O 24.Bg4 Nf8 25.Nf6 Bxf6 26.gxf6 Rh8 27.f7 Rh7 28.Bxd7+ Kxd7 29.Bd2
Qb6 30.Rxh7 Nxh7 31.Qa4+ {#r} 1-0

[Event "Bundesliga B East 2007/08"]
[Site "Austria"]
[Date "2008.03.15"]
[Round "10"]
[White "Schneider-Zinner Harald (AUT)"]
[Black "Vykydal Frantisek (CZE)"]
[Result "1-0"]
[WhiteElo "2394"]
[BlackElo "2246"]

1.d4 Nf6 2.c4 d6 3.Nf3 Bg4 4.g3 Bxf3 5.exf3 Nbd7 6.Bg2 c6 7.Nc3 e5 8.O-O Be7
9.f4 exd4 10.Qxd4 O-O 11.b3 a5 12.Bb2 Nc5 13.Rab1 Qc7 14.Nd1 Ne8 15.Qd2 Bf6
16.Ba3 Na6 17.Ne3 Rd8 18.h4 g6 19.f5 Bg7 20.Rfd1 Qb6 21.Ng4 Nb4 22.Bb2 f6
23.a3 Na6 24.Bc3 Qc5 25.Ne3 Bh6 26.f4 Ng7 27.b4 Qa7 28.Bd4 c5 29.Bd5+ Kh8
30.bxc5 Nxc5 31.Rxb7 Qa6 32.Rdb1 Nxb7 33.Bxb7 Rb8 34.Bxa6 Rxb1+ 35.Kh2 Nxf5
36.Nxf5 gxf5 37.Qd3 Re1 38.Qxf5 Bg7 39.c5 dxc5 40.Bd3 {#r} 1-0

[Event "It (cat.7)"]
[Site "Nis (Serbia)"]
[Date "2008.04.19"]
[Round "11"]
[White "Milchev Nikolay (BUL)"]
[Black "Jovic Stanoje (SRB)"]
[Result "0-1"]
[WhiteElo "2362"]
[BlackElo "2296"]

1.Nf3 Nf6 2.c4 d6 3.d4 Bg4 4.Qb3 Qc8 5.Bg5 Nbd7 6.Nbd2 h6 7.Bh4 g5 8.Bg3 Nh5
9.e3 Bg7 10.Be2 O-O 11.Ng1 Bxe2 12.Nxe2 e5 13.dxe5 dxe5 14.h4 g4 15.f3 Nc5
16.Qc2 f5 17.O-O-O Qe6 18.Nb3 Nxb3+ 19.axb3 b5 20.Be1 c6 21.Bb4 Rfd8 22.Bc5 a5
23.Rxd8+ Rxd8 24.Rd1 Rxd1+ 25.Kxd1 gxf3 26.gxf3 Bf6 27.e4 f4 28.cxb5 cxb5
29.Bf2 Qh3 30.Qd3 Qf1+ 31.Be1 Bxh4 32.Qd5+ Kh7 33.Qf7+ Ng7 {#R} 0-1

[Event "It (open)"]
[Site "Senj (Croatia)"]
[Date "2008.04.23"]
[Round "9"]
[White "Bodiroga Predrag (SRB)"]
[Black "Lovric Branko (CRO)"]
[Result "1-0"]
[WhiteElo "2435"]
[BlackElo "2364"]

1.d4 Nf6 2.Nf3 d6 3.c4 Bg4 4.Nc3 Nbd7 5.e4 e5 6.Be2 Bxf3 7.Bxf3 c6 8.O-O Be7
9.Be3 O-O 10.Qc2 Qc7 11.Be2 Rfe8 12.f4 Nf8 13.c5 exd4 14.Bxd4 dxc5 15.Be5 Qa5
16.Bxf6 Bxf6 17.e5 Be7 18.f5 Bg5 19.e6 fxe6 20.Ne4 Be3+ 21.Kh1 Kh8 22.Nd6 Re7
23.Nc4 Qc7 24.Nxe3 exf5 25.Nxf5 Re5 26.Ng3 Ne6 27.Bc4 Nd4 28.Qf2 h6 29.Rae1
Rae8 30.Rxe5 Qxe5 31.Qf7 b5 32.Bd3 {#r} 1-0

[Event "Ch Croatia (team) (2nd league)"]
[Site "Zagreb (Croatia)"]
[Date "2008.04.27"]
[Round "5"]
[White "Gazarek Danko (CRO)"]
[Black "Naglic Marko (CRO)"]
[Result "1/2-1/2"]
[WhiteElo "2307"]
[BlackElo "2170"]

1.d4 Nf6 2.Nf3 d6 3.c4 Bg4 4.g3 Bxf3 5.exf3 c6 6.Bg2 e6 7.O-O d5 8.b3 Bd6
9.Nd2 g5 10.f4 gxf4 11.Nf3 Nbd7 12.Qe2 Qb8 13.Bb2 Qc7 14.Ne5 fxg3 15.fxg3 Nxe5
16.dxe5 Bc5+ 17.Kh1 Nd7 18.cxd5 cxd5 19.Rac1 Qb6 20.Qh5 Rf8 21.Qxh7 O-O-O
22.Qd3 Kb8 23.a3 Be3 24.Rc2 d4 25.Qe4 Ka8 26.b4 f5 {#d} 1/2-1/2

[Event "Ch Spain (team) (selecciones Autonomicas)"]
[Site "Melilla (Spain)"]
[Date "2008.05.03"]
[Round "6"]
[White "Caselas Cabanas Jacobo (ESP)"]
[Black "Recuero Guerra Javier (ESP)"]
[Result "1/2-1/2"]
[WhiteElo "2426"]
[BlackElo "2336"]

1.d4 d6 2.Nf3 Bg4 3.c4 Nf6 4.Nc3 Nbd7 5.e4 e5 6.Be2 Be7 7.Be3 O-O 8.O-O Bxf3
9.Bxf3 Ne8 10.d5 Bg5 11.Bxg5 Qxg5 12.Bg4 Nb6 13.Be2 a5 14.b3 g6 15.a3 Ng7
16.Qd3 f5 17.b4 Qe7 18.Rfc1 axb4 19.axb4 Rxa1 20.Rxa1 Ra8 21.Rxa8+ Nxa8 22.Qd2
Nb6 23.g3 fxe4 24.Nxe4 Nf5 25.c5 Nd7 26.Bg4 Nd4 27.Qa2 Kg7 28.Qa7 Nf6 29.cxd6
cxd6 30.Nxf6 Kxf6 31.Qb6 Kg5 32.Bc8 Qf6 33.Qxb7 Qf3 34.Qxh7 Ne2+ 35.Kf1 Qh1+
36.Kxe2 Qe4+ 37.Kd2 Qd4+ 38.Ke2 Qe4+ 39.Kf1 Qc4+ {#d} 1/2-1/2

[Event "Ch Germany (juniors) (under 18)"]
[Site "Willingen (Germany)"]
[Date "2008.05.11"]
[Round "1"]
[White "Koelsch Maximilian (GER)"]
[Black "Schloetzer Waldemar (GER)"]
[Result "1-0"]
[WhiteElo "2156"]
[BlackElo "2245"]

1.d4 Nf6 2.c4 d6 3.Nf3 Bg4 4.Nc3 g6 5.e4 Bxf3 6.gxf3 c6 7.Bg5 Bg7 8.Qd2 h6
9.Be3 e6 10.O-O-O Nbd7 11.Kb1 a6 12.Be2 Qc7 13.f4 O-O-O 14.Qc2 d5 15.e5 Ng8
16.Rc1 dxc4 17.Ne4 Nb6 18.Bxc4 Kb8 19.Qb3 Ne7 20.Nc5 Ka8 21.Rhd1 Ned5 22.Bd2
Nxc4 23.Rxc4 Qb6 24.Qxb6 Nxb6 25.Rb4 Ka7 26.Be3 Bf8 27.d5 Rxd5 28.Rc1 Be7
29.Rb3 Bd8 30.Na4 Rb5 31.Rd1 c5 32.Bxc5 Bc7 33.Be3 g5 34.fxg5 {#r} 1-0

[Event "Cup Croatia (team)"]
[Site "Sibenik (Croatia)"]
[Date "2008.05.21"]
[Round "1"]
[White "Jankovic Alojzije (CRO)"]
[Black "Viskic Pavisa (CRO)"]
[Result "1-0"]
[WhiteElo "2548"]
[BlackElo "2222"]

1.d4 d6 2.Nf3 Nf6 3.c4 Bg4 4.Qb3 Qc8 5.h3 Bxf3 6.Qxf3 Nc6 7.d5 Ne5 8.Qb3 e6
9.Nc3 Be7 10.e4 O-O 11.Be2 Ned7 12.O-O Nc5 13.Qc2 a5 14.Be3 c6 15.Bxc5 dxc5
16.e5 Nd7 17.d6 Bg5 18.f4 Bh6 19.g4 g5 20.Ne4 Qd8 21.fxg5 Bxg5 22.Qc3 Bh4
23.Rad1 Qb6 24.g5 Qd8 25.Rf4 {#r} 1-0

[Event "Ch Paraguay"]
[Site "Asuncion (Paraguay)"]
[Date "2008.06.15"]
[Round "6"]
[White "Barrientos Edgar (PAR)"]
[Black "Galeano Mario (PAR)"]
[Result "1/2-1/2"]
[WhiteElo "2022"]
[BlackElo "2067"]

1.d4 Nf6 2.Nf3 d6 3.c4 Bg4 4.Nc3 c6 5.Bg5 Nbd7 6.e3 e5 7.Be2 e4 8.Nxe4 Qa5+
9.Qd2 Qf5 10.Ng3 Qe6 11.d5 Qe7 12.dxc6 bxc6 13.Nd4 Bxe2 14.Nxc6 Qe6 15.Qxe2
Rc8 16.Nd4 Qxc4 17.O-O Qxe2 18.Ngxe2 h6 19.Bxf6 Nxf6 20.Rac1 Rb8 21.Rc7 Rxb2
22.Rxa7 Nd7 23.Nc3 g6 24.Ncb5 Be7 25.Ra8+ Bd8 26.Nc6 O-O 27.a4 Bb6 28.Rxf8+
Kxf8 29.Nxd6 Ra2 30.Nc4 Rxa4 31.Nxb6 Nxb6 32.g3 Ra2 33.Rb1 Nc4 34.Rb8+ Kg7
35.Rb7 Nd6 36.Re7 Kf6 37.e4 Kg7 38.e5 Ne4 39.e6 Rxf2 40.exf7 Rf6 41.Rxe4 Rxc6
42.Rf4 Rc8 {#d} 1/2-1/2

[Event "Ch Paraguay"]
[Site "Asuncion (Paraguay)"]
[Date "2008.06.25"]
[Round "10"]
[White "Ferreira Oscar (PAR)"]
[Black "Galeano Mario (PAR)"]
[Result "1-0"]
[WhiteElo "2290"]
[BlackElo "2067"]

1.Nf3 Nf6 2.c4 d6 3.d4 Bg4 4.Qb3 Qc8 5.Nbd2 Nbd7 6.h3 Bh5 7.e3 e5 8.g4 Bg6
9.Bg2 c6 10.O-O Be7 11.Nh4 O-O 12.f4 exf4 13.exf4 h6 14.Nxg6 fxg6 15.Nf3 Re8
16.Re1 Nf8 17.Bd2 Qc7 18.Re2 d5 19.Ne5 Rad8 20.Rae1 Bd6 21.cxd5 Nxd5 22.Bxd5+
cxd5 23.Qxd5+ Kh7 24.Qc4 Qxc4 25.Nxc4 Rxe2 26.Rxe2 Bb8 27.Re4 Rd5 28.Ne3 Rd8
29.Kg2 Nd7 30.g5 Nc5 31.dxc5 Rxd2+ 32.Kf3 hxg5 33.fxg5 Rxb2 34.Re7 Rd2 35.Rxb7
Rd8 36.c6 Rc8 37.Nd5 Bd6 38.Rd7 Bc5 39.c7 {#r} 1-0

[Event "It (open)"]
[Site "Pskov (Russia)"]
[Date "2008.06.29"]
[Round "9"]
[White "Mishin Alexei (RUS)"]
[Black "Zhuravliov Valerij (LAT)"]
[Result "1-0"]
[WhiteElo "2281"]
[BlackElo "2386"]

1.d4 Nf6 2.c4 d6 3.Nf3 Bg4 4.Nc3 Bxf3 5.exf3 c6 6.Bd3 e6 7.d5 exd5 8.cxd5 c5
9.O-O Be7 10.Qb3 b6 11.Bb5+ Nfd7 12.Bc6 Nxc6 13.dxc6 Nf6 14.Bg5 O-O 15.Rfe1 h6
16.Bxf6 Bxf6 17.Nd5 Rc8 18.Qb5 a6 19.Qxa6 Kh8 20.Re2 g5 21.f4 Kg7 22.Rae1 gxf4
23.c7 {#r} 1-0

[Event "It (open)"]
[Site "Sterlitamak (Russia)"]
[Date "2008.07.01"]
[Round "6"]
[White "Zhitnikov Sergey (ISR)"]
[Black "Glidzhain Gor (RUS)"]
[Result "1-0"]
[WhiteElo "2367"]
[BlackElo "2197"]

1.d4 Nf6 2.c4 d6 3.Nf3 Bg4 4.g3 Nc6 5.Bg2 e5 6.d5 Ne7 7.Nc3 Ng6 8.e4 Qc8 9.O-O
Be7 10.Qd3 Bh3 11.Bd2 h5 12.Bxh3 Qxh3 13.Ng5 Qg4 14.h3 Qd7 15.f4 exf4 16.gxf4
Ng8 17.Nxf7 Kxf7 18.e5 Kf8 19.Qxg6 Qxh3 20.e6 Nh6 21.f5 Bf6 22.Bxh6 Bd4+
23.Rf2 Qg4+ 24.Qxg4 hxg4 25.Bf4 Rh3 26.Ne2 Bb6 27.Rf1 Kg8 28.Kg2 Bxf2 29.Rxf2
Rd3 30.Bg5 Rf8 31.Nf4 Rf3 32.Rxf3 gxf3+ 33.Kxf3 Rxf5 34.Kg4 Rf8 35.e7 Rc8
36.Ne6 Kf7 37.Nd8+ Ke8 38.Kf5 a6 39.Ke6 b5 40.c5 dxc5 41.Nb7 Rb8 42.d6 {#r}
1-0

[Event "Ch Region (superfinal)"]
[Site "Satka (Russia)"]
[Date "2008.07.15"]
[Round "10"]
[White "Sherbakov Ruslan (RUS)"]
[Black "Yatsenko Alexey (RUS)"]
[Result "0-1"]
[WhiteElo "2496"]
[BlackElo "2469"]

1.d4 d6 2.Nf3 Nf6 3.c4 Bg4 4.Qb3 Qc8 5.h3 Bxf3 6.Qxf3 Nbd7 7.Nc3 c6 8.g4 g6
9.e3 Qc7 10.Bd2 Bg7 11.Be2 h6 12.h4 h5 13.g5 Nh7 14.O-O-O a6 15.Qg3 Rc8 16.Kb1
b5 17.Rc1 bxc4 18.Bxc4 Qb7 19.f4 Rb8 20.Bb3 c5 21.Nd5 O-O 22.Bc3 e6 23.Ne7+
Kh8 24.f5 c4 25.Bc2 exf5 26.Qxd6 Nb6 27.Rhe1 Rfd8 28.Qc5 Nf8 29.Nc6 Rdc8
30.Na5 Qd7 31.Qa3 Ne6 32.e4 fxe4 33.Rxe4 Nd5 34.Ka1 Nxc3 35.bxc3 Nxd4 36.Rxd4
Qxd4 37.Bxg6 Qc5 {#R} 0-1

[Event "Tournament (open)"]
[Site "Omsk (Russia)"]
[Date "2008.07.17"]
[Round "10"]
[White "Pozdniakov Vladimir (RUS)"]
[Black "Barakin Gennady (RUS)"]
[Result "1-0"]
[WhiteElo "2251"]
[BlackElo "1980"]

1.Nf3 Nf6 2.c4 d6 3.d4 Bg4 4.Qb3 Nc6 5.Nbd2 b6 6.d5 Na5 7.Qc2 c5 8.h3 Bd7 9.e4
Qc7 10.a3 g6 11.b4 cxb4 12.axb4 Nb7 13.Bb2 Rg8 14.e5 Nh5 15.g4 Ng7 16.Bd3 b5
17.exd6 exd6 18.Ne4 Be7 19.Nf6+ Bxf6 20.Bxf6 Kf8 21.Ng5 Re8+ 22.Kf1 Rh8 23.Kg2
h6 24.Nf3 Nd8 25.c5 dxc5 26.Qxc5+ Qxc5 27.bxc5 h5 28.Ne5 Rxe5 29.Bxe5 hxg4
30.hxg4 Rxh1 31.Rxh1 {#r} 1-0

[Event "It (open)"]
[Site "Biel (Switzerland)"]
[Date "2008.07.23"]
[Round "3"]
[White "Giertz Niklaus (SUI)"]
[Black "Hug Werner (SUI)"]
[Result "1/2-1/2"]
[WhiteElo "2283"]
[BlackElo "2448"]

1.Nf3 Nf6 2.c4 d6 3.d4 Bg4 4.Nc3 g6 5.e4 Bxf3 6.Qxf3 Nc6 7.d5 Nb4 8.Qd1 Na6
9.b4 Bg7 10.Rb1 O-O {#d} 1/2-1/2

[Event "It (open)"]
[Site "Avoine (France)"]
[Date "2008.07.25"]
[Round "7"]
[White "Primel Dominique (FRA)"]
[Black "Dube Dimitri (FRA)"]
[Result "0-1"]
[WhiteElo "1985"]
[BlackElo "2062"]

1.Nf3 d6 2.d4 Nf6 3.c4 Bg4 4.Nc3 Bxf3 5.gxf3 e6 6.Bg2 Nbd7 7.f4 c6 8.O-O g6
9.e4 Qc7 10.Rb1 a5 11.a3 Bg7 12.e5 Ng8 13.d5 Nb6 14.exd6 Qd7 15.dxe6 fxe6
16.c5 Nd5 17.Nxd5 exd5 18.Re1+ Kf7 19.Bd2 b5 20.Qf3 Bf6 21.Bh3 Qd8 22.Bc3 Ra7
23.Re6 Bxc3 24.Qxc3 Nf6 25.Rbe1 Ne4 26.Qe3 Qh4 27.b4 axb4 28.axb4 Rf8 29.Re7+
Rxe7 30.dxe7 Kxe7 31.f5 gxf5 32.Bg2 f4 33.Qf3 Rf6 34.Ra1 Re6 35.Ra7+ Kf6
36.Bh3 Ng5 37.Qc3+ Re5 38.Bg2 f3 39.Re7 d4 {#R} 0-1

[Event "It (open) \"]
[Site "Helsingor (Denmark)"]
[Date "2008.07.27"]
[Round "10"]
[White "Kulago Alexander (RUS)"]
[Black "Schou-Moldt Thomas (DEN)"]
[Result "0-1"]
[WhiteElo "2241"]
[BlackElo "2139"]

1.Nf3 Nf6 2.c4 d6 3.d4 Bg4 4.Nc3 c6 5.Qb3 Qc8 6.Bg5 Nbd7 7.e3 g6 8.Be2 Bg7
9.h3 Bxf3 10.Bxf3 O-O 11.O-O Re8 12.e4 c5 13.e5 cxd4 14.Na4 Nxe5 15.Bxb7 Qf5
16.Bxf6 Bxf6 17.Bxa8 Rxa8 18.Qb7 Rf8 19.Qxa7 Nxc4 20.Rad1 Qg5 21.b3 Na3 22.Nb2
Nb5 23.Qa5 Rb8 24.Qd2 Qh5 25.Qd3 Nc3 26.Ra1 e5 27.Rfe1 e4 28.Rxe4 Nxe4 29.Qxe4
d3 30.Rb1 Bxb2 31.Rxb2 Qd1+ 32.Kh2 Qc1 33.Qd4 Rb4 34.Qf6 d2 35.Qd8+ Kg7 {#R}
0-1

[Event "It (open) (c)"]
[Site "Warsaw (Poland)"]
[Date "2008.08.08"]
[Round "7"]
[White "Derecki Krzysztof (POL)"]
[Black "Grzesiak Filip (POL)"]
[Result "0-1"]
[WhiteElo "1956"]
[BlackElo "1840"]

1.d4 Nf6 2.c4 d6 3.Nf3 Bg4 4.Qb3 Nbd7 5.Qxb7 Nb6 6.Qa6 c6 7.e3 e5 8.Nbd2 e4
9.Ng5 h6 10.Ngxe4 Nxe4 11.Nxe4 d5 12.cxd5 Qxd5 13.Nc3 Bb4 14.Bd2 Bxc3 15.Bxc3
O-O 16.Qa5 Qe4 17.h3 Bf5 18.Qc5 Qc2 19.Qe5 Na4 20.Qa5 Nxb2 21.Bd2 Qe4 22.Qa3
Rab8 23.Bb4 Rfd8 24.Qxb2 a5 25.a3 axb4 26.axb4 c5 27.dxc5 Rxb4 28.Qa2 Qe5
29.Rc1 Rb2 30.Qa1 Rdd2 31.g4 Rxf2 {#R} 0-1

[Event "Ch France (open) (a)"]
[Site "Pau (France)"]
[Date "2008.08.17"]
[Round "6"]
[White "Manoeuvre Antoine (FRA)"]
[Black "Guezennec Franck (FRA)"]
[Result "1/2-1/2"]
[WhiteElo "2139"]
[BlackElo "2178"]

1.d4 Nf6 2.c4 d6 3.Nf3 Bg4 4.Nc3 Bxf3 5.exf3 g6 6.Be3 Bg7 7.Qb3 Qc8 8.Be2 O-O
9.O-O Nbd7 10.Rfd1 a6 11.Rac1 c6 12.d5 c5 13.f4 Qc7 14.Bf3 b5 15.cxb5 axb5
16.Qxb5 Rfb8 17.Qe2 Nb6 18.b3 Nc8 19.Qc2 Nd7 20.a4 Na7 21.Be2 Qb7 22.Nb5 Nb6
23.Qd2 Nd7 24.Nxa7 Qxa7 25.Bc4 Rb4 26.Qxb4 cxb4 27.Bxa7 Rxa7 28.Rd2 Nc5 29.Ra2
Ra5 30.Re1 Kf8 31.Rae2 Bf6 32.g3 Ra7 33.Kg2 Nb7 34.Rb1 {#d} 1/2-1/2

[Event "It (open)"]
[Site "Izmir (Turkey)"]
[Round "3"]
[White "Jojua Davit (GEO)"]
[Black "Valansi Avram Alber (TUR)"]
[Result "1-0"]
[WhiteElo "2484"]
[BlackElo "2140"]

1.d4 Nf6 2.c4 d6 3.Nf3 Bg4 4.g3 Bxf3 5.exf3 g6 6.d5 Nbd7 7.Bg2 c6 8.O-O cxd5
9.cxd5 Bg7 10.Nc3 O-O 11.f4 Nb6 12.Re1 a6 13.Be3 Nc4 14.Bd4 Nxb2 15.Qe2 Nd7
16.Bxg7 Kxg7 17.Qxb2 Rc8 18.Re3 Qb6 19.Qxb6 Nxb6 20.Bf1 Rc7 21.Rb1 Nc8 22.a4
Na7 23.a5 Rfc8 24.Na4 Kf8 25.Kg2 Rd8 26.Be2 Nc8 27.Reb3 Rdd7 28.Bg4 f5 29.Bd1
Na7 30.Be2 Ke8 31.R3b2 Nc8 32.h3 Kf7 33.Re1 Rd8 34.Bd3 Re8 35.Bf1 {#r} 1-0

[Event "It (open) (b)"]
[Site "Amantea (Italy)"]
[Date "2008.09.01"]
[Round "2"]
[White "Galasso Luciano"]
[Black "Chiappetta Dario"]
[Result "0-1"]
[WhiteElo "1548"]
[BlackElo "1745"]

1.d4 Nf6 2.Nf3 d6 3.c4 Bg4 4.Nc3 Nbd7 5.e4 e5 6.d5 c6 7.h3 Bxf3 8.Qxf3 Be7
9.Bd3 a6 10.Be3 Qa5 11.O-O O-O 12.Rfd1 Rac8 13.b3 Qxc3 14.Bd2 Qb2 15.a4 cxd5
16.Qe2 dxe4 17.Bxe4 Nxe4 18.Qxe4 Nc5 19.Qf3 Qxb3 20.Qg4 f5 21.Qe2 Qd3 22.Qxd3
Nxd3 23.Be3 Nb2 24.Rdb1 Nxc4 25.Rxb7 Rfe8 26.Rc1 d5 27.Kf1 Nxe3+ {#R} 0-1

[Event "Ch Germany (seniors) (team)"]
[Site "Berlin (Germany)"]
[Date "2008.09.06"]
[Round "7"]
[White "Koch Herbert (GER)"]
[Black "Bomert Egon (GER)"]
[Result "0-1"]
[WhiteElo "1968"]
[BlackElo "2154"]

1.d4 Nf6 2.Nf3 d6 3.c4 Bg4 4.Nc3 Nbd7 5.e4 e5 6.Be2 c6 7.O-O h6 8.Be3 Bh5
9.Nd2 Bg6 10.f3 Be7 11.d5 O-O 12.b4 Nh5 13.Nb3 Nf4 14.Qd2 f5 15.Rad1 Qc7 16.c5
Nxe2+ 17.Nxe2 fxe4 18.cxd6 Qxd6 19.dxc6 Qxd2 20.Rxd2 Nf6 21.cxb7 Rab8 22.Bxa7
Rxb7 23.Bc5 exf3 24.Rxf3 e4 25.Rg3 Be8 26.Bxe7 Rxe7 27.h3 Bb5 28.Nc5 e3 29.Rb2
Nh5 30.Rf3 Rd8 31.a4 Rd2 32.Rb3 Bxe2 33.Rfxe3 Rf7 34.Rb1 Nf4 35.b5 Bd1 36.Ne6
Rxg2+ 37.Kh1 Rd2 38.Nxf4 Rxf4 39.Rg3 Rf1+ {#R} 0-1

[Event "Ch Argentina (team)"]
[Site "Villa Martelli (Argentina)"]
[Date "2008.09.20"]
[Round "7"]
[White "Liascovich Lucas (ARG)"]
[Black "Blit Jacques (ARG)"]
[Result "1-0"]
[WhiteElo "2430"]
[BlackElo "2322"]

1.d4 Nf6 2.c4 d6 3.Nf3 Bg4 4.Nc3 g6 5.e4 Nc6 6.Be3 e5 7.d5 Ne7 8.Qb3 Bxf3
9.gxf3 b6 10.Qa4+ Nd7 11.b4 a5 12.Nb5 Ng8 13.Bh3 Ngf6 14.Bg5 Ke7 15.Bxd7 Qxd7
16.c5 h6 17.cxd6+ cxd6 18.Rc1 Rc8 19.Rxc8 Qxc8 20.Na7 Qc3+ 21.Bd2 Qa1+ 22.Ke2
Qxh1 23.Nc6+ Kd7 24.bxa5 Qb1 25.Nxe5+ Ke7 26.Nc6+ Kd7 27.a6 Bg7 28.Nb8+ Kc7
29.Qc6+ Kd8 30.a7 {#r} 1-0

[Event "It (cat.7)"]
[Site "Khmelnitsky (Ukraine)"]
[Date "2008.09.29"]
[Round "5"]
[White "Zakhartsov Viacheslav V (RUS)"]
[Black "Mikhaletz Lubomir (UKR)"]
[Result "1-0"]
[WhiteElo "2537"]
[BlackElo "2480"]

1.d4 d6 2.Nf3 Nf6 3.c4 Bg4 4.Qb3 Qc8 5.h3 Bf5 6.Nc3 c6 7.Nh4 Bd7 8.e4 e5 9.Nf3
Qc7 10.Be3 Na6 11.c5 exd4 12.cxd6 Bxd6 13.Bxd4 Nc5 14.Qc2 Ne6 15.Be3 O-O 16.g3
Bc5 17.Bxc5 Nxc5 18.e5 Rfe8 19.Bg2 g6 20.O-O Bf5 21.Qd2 Nfd7 22.Qd4 Rad8 23.g4
Bd3 24.Rfd1 Ba6 25.Qe3 Qb6 26.Rab1 Nf8 27.Rxd8 Rxd8 28.b4 Ncd7 29.Qh6 f6
30.exf6 Nxf6 31.Qf4 N8d7 32.Re1 Rf8 33.Qd6 Qd8 34.g5 Nh5 35.Rd1 Rxf3 36.Bxf3
Qxg5+ 37.Kh1 Nhf6 38.Qe6+ Kf8 39.Ne4 Qf4 40.Qd6+ Qxd6 41.Nxd6 Ne5 42.Bg2 Nd3
43.Rb1 Ke7 44.Nc8+ Kd7 45.Nxa7 Bc4 46.b5 {#r} 1-0

[Event "Tournament (Elo)"]
[Site "Madrid (Spain)"]
[Date "2008.10.14"]
[Round "4"]
[White "Anton Guijarro David (ESP)"]
[Black "Suarez Triguero Alfonso J (ESP)"]
[Result "1/2-1/2"]
[WhiteElo "2086"]
[BlackElo "2107"]

1.d4 Nf6 2.Nf3 d6 3.c4 Bg4 4.Nc3 Nbd7 5.h3 Bxf3 6.exf3 e5 7.d5 Be7 8.Bd3 Nh5
9.g3 g6 10.f4 exf4 11.g4 Ng7 12.Bxf4 h5 13.Qf3 O-O 14.Ne4 Nc5 15.Nxc5 dxc5
16.O-O-O Bg5 17.Rhg1 Qf6 18.Bf5 gxf5 19.gxh5 Bxf4+ {#d} 1/2-1/2

[Event "Landesliga Bayern South 2008/09"]
[Site "Bayern (Germany)"]
[Date "2008.10.26"]
[Round "2"]
[White "Geberl Hans-Walter (GER)"]
[Black "Rajic Ivica (SRB)"]
[Result "0-1"]
[WhiteElo "2218"]
[BlackElo "2178"]

1.Nf3 Nf6 2.c4 d6 3.d4 Bg4 4.Nc3 Bxf3 5.gxf3 Nbd7 6.f4 e5 7.Bg2 c6 8.O-O Qc7
9.d5 g6 10.dxc6 bxc6 11.Nb5 cxb5 12.Bxa8 bxc4 13.fxe5 dxe5 14.Qa4 Bd6 15.Qc6
Qb8 16.Rd1 Ke7 17.Bg5 h6 18.Bxf6+ Nxf6 19.Rd2 Bb4 20.Rad1 Bxd2 21.Rxd2 Rc8
22.Qa6 c3 23.bxc3 Rxc3 24.Rd1 e4 25.Qa4 Rh3 26.Bxe4 Qxh2+ 27.Kf1 Qb8 28.Rb1
Rh1+ 29.Bxh1 Qxb1+ 30.Kg2 Qe4+ 31.Qxe4+ Nxe4 32.Kf1 Nc3 33.a3 Kd6 34.f4 f5
35.Kf2 Kc5 36.Ke3 a5 37.Kd3 Nb5 38.a4 Nd6 39.e3 Nc4 {#R} 0-1

[Event "Ch Central Serbia"]
[Site "Vrnjacka Banja (Serbia)"]
[Date "2008.11.10"]
[Round "4"]
[White "Milosevic Zoran (SRB)"]
[Black "Tosic Miroslav (SRB)"]
[Result "1/2-1/2"]
[WhiteElo "2279"]
[BlackElo "2445"]

1.d4 Nf6 2.c4 d6 3.Nf3 Bg4 4.Nc3 Nbd7 5.g3 Bxf3 6.exf3 e5 7.Bg2 Be7 8.O-O O-O
9.Re1 c6 10.f4 exd4 11.Qxd4 Re8 12.b3 Qa5 13.Bb2 Bf8 14.Rxe8 Rxe8 15.Rd1 Nc5
16.Bf3 Qb4 17.Qd2 a5 18.Qc1 Qb6 19.Ba3 Nfd7 20.Bg4 Nf6 21.Bf3 Qa7 22.Kg2 Qb6
23.Qd2 Nfd7 24.Bg4 Nf6 25.Bf3 Nfd7 {#d} 1/2-1/2

[Event "Memorial Bak (open)"]
[Site "Chorzow (Poland)"]
[Date "2008.11.20"]
[Round "6"]
[White "Kawecki Rafal (POL)"]
[Black "Kalinin Oleg (UKR)"]
[Result "0-1"]
[WhiteElo "1974"]
[BlackElo "2373"]

1.d4 Nf6 2.c4 d6 3.Nf3 Bg4 4.e3 c6 5.Be2 e6 6.O-O Nbd7 7.b3 d5 8.Bb2 Be7
9.Nbd2 O-O 10.Ne5 Bxe2 11.Qxe2 Qc7 12.f4 Bb4 13.Ndf3 Ne4 14.Rfc1 f6 15.Nd3 Bd6
16.a4 a5 17.Ba3 Bxa3 18.Rxa3 Qd6 19.Raa1 Rfb8 20.Nd2 Nxd2 21.c5 Qe7 22.Qxd2 e5
23.b4 axb4 24.Nxb4 Re8 25.Re1 Qe6 26.a5 Ra7 27.Kf2 Nb8 28.Nc2 Na6 29.Rab1 Qf5
30.Kg1 Nc7 31.fxe5 fxe5 32.Rf1 Qg6 33.Rb3 Ne6 34.Rfb1 Ng5 35.Qd3 Nh3+ 36.Kf1
Rf8+ 37.Ke1 Qxg2 {#R} 0-1

[Event "It (open)"]
[Site "Liberec (Czech Republic)"]
[Date "2008.11.22"]
[Round "9"]
[White "Gernert Vilem (CZE)"]
[Black "Hollmann Zdenek (CZE)"]
[Result "0-1"]
[WhiteElo "1867"]
[BlackElo "2031"]

1.Nf3 Nf6 2.c4 d6 3.d4 Bg4 4.Nbd2 Nbd7 5.Qc2 e5 6.e4 c6 7.Be2 Qc7 8.O-O Be7
9.b3 O-O 10.Re1 Rfe8 11.Bb2 b6 12.Rac1 Bf8 13.dxe5 dxe5 14.a3 a5 15.Nf1 Bc5
16.Ng3 Nf8 17.h3 Bxf3 18.Bxf3 Ne6 19.Ne2 Ng5 20.Kf1 Nxf3 21.gxf3 Nh5 22.Kg2
Qe7 23.Rh1 Qh4 24.Rcf1 Re6 25.Bc1 Rg6+ {#R} 0-1